000 01031nam a22003257a 4500
001 BR0301444
003 BR-BrBNA
005 20230928101253.0
007 ta
008 230509b bl.||||| |||| 00| 0 por d
040 _aBR-BrBNA
_bpor
_cBiblioteca Nacional de Agricultura
041 _a(Por)
072 _aE70; E10
_b5213
090 _ 5213 BR0301444
100 1 _aSilveira, R.L.F. da
110 1 _aEscola Superior de Agricultura Luiz de Queiroz, Piracicaba, SP (Brasil)
_0Tese (Mestre em Ciências)
245 1 _aAnálise das operações de Cross Hedge do bezerro e do Hedge do boi gordo no mercado futuro da BM F
260 3 _aPiracicaba, SP (Brasil):
_c2002.
300 _a106 p.
500 _aSummaries (Eng, Por); Bibliography p. 99-106; 31 tables; 9 illus.
650 _aBEZERRO
650 _aGADO DE CORTE
650 _aMERCADO
650 _aPREÇO
650 _aECONOMIA AGRÍCOLA
650 _aBOLSA DE MERCADORIAS
650 _aAGRIBUSINESS
909 _a202309
_bLucia
_c55
_dLucia Elande
942 _cBK
999 _c65014
_d65014